<?xml version="1.0" encoding="UTF-8"?>
<collection xmlns="http://www.loc.gov/MARC21/slim">
 <record>
  <leader>00472pamaa2200157   4500</leader>
  <controlfield tag="001">0000031802</controlfield>
  <controlfield tag="005">20060913090000.0</controlfield>
  <datafield tag="020" ind1="0" ind2="0">
   <subfield code="a">019459145X </subfield>
  </datafield>
  <datafield tag="082" ind1=" " ind2=" ">
   <subfield code="a">428 SZP</subfield>
  </datafield>
  <datafield tag="090" ind1="0" ind2="0">
   <subfield code="a">PE1128.A2 </subfield>
   <subfield code="b">SZP 2000</subfield>
  </datafield>
  <datafield tag="100" ind1="1" ind2="0">
   <subfield code="a">SZPYTKO </subfield>
  </datafield>
  <datafield tag="245" ind1="1" ind2="0">
   <subfield code="a">Headway video : </subfield>
   <subfield code="b">activity book upper-intermediate  </subfield>
   <subfield code="c">Gisela Szpytko.</subfield>
  </datafield>
  <datafield tag="260" ind1="0" ind2="0">
   <subfield code="a">Oxford: </subfield>
   <subfield code="b">Oxford University Press, </subfield>
   <subfield code="c">2000.</subfield>
  </datafield>
  <datafield tag="300" ind1=" " ind2=" ">
   <subfield code="a">72p.: </subfield>
   <subfield code="b">col. ill.; </subfield>
   <subfield code="c">28cm.</subfield>
  </datafield>
  <datafield tag="500" ind1="0" ind2="0">
   <subfield code="a">Includes video titled &quot;headway upper-intermediate&quot;</subfield>
  </datafield>
  <datafield tag="650" ind1="0" ind2="0">
   <subfield code="a">English </subfield>
  </datafield>
 </record>
</collection>
